Society : (Record no. 422)

000 -LEADER
fixed length control field 01739cam a2200385 i 4500
001 - CONTROL NUMBER
control field 19963846
003 - CONTROL NUMBER IDENTIFIER
control field OSt
005 - DATE AND TIME OF LATEST TRANSACTION
control field 20241030092305.0
008 - FIXED-LENGTH DATA ELEMENTS--GENERAL INFORMATION
fixed length control field 170825t20192017nyu 000 0 eng
010 ## - LIBRARY OF CONGRESS CONTROL NUMBER
LC control number 2017039790
020 ## - INTERNATIONAL STANDARD BOOK NUMBER
International Standard Book Number 9780134711409
020 ## - INTERNATIONAL STANDARD BOOK NUMBER
International Standard Book Number 0134711408
040 ## - CATALOGING SOURCE
Original cataloging agency DLC
Language of cataloging eng
Transcribing agency DLC
Description conventions rda
Modifying agency DLC
041 ## - LANGUAGE CODE
Language code of text/sound track or separate title eng
042 ## - AUTHENTICATION CODE
Authentication code pcc
050 00 - LIBRARY OF CONGRESS CALL NUMBER
Classification number HM586
Item number .M1657 2019
080 ## - UNIVERSAL DECIMAL CLASSIFICATION NUMBER
Universal Decimal Classification number 316
Item number M-12
082 00 - DEWEY DECIMAL CLASSIFICATION NUMBER
Classification number 301
Edition number 23
100 1# - MAIN ENTRY--PERSONAL NAME
Personal name Macionis, John J.
245 10 - TITLE STATEMENT
Title Society :
Remainder of title the basics /
Statement of responsibility, etc. John J. Macionis, Kenyon College.
250 ## - EDITION STATEMENT
Edition statement Fifteenth Edition.
260 ## - PUBLICATION, DISTRIBUTION, ETC.
Place of publication, distribution, etc. NY, NY :
Name of publisher, distributor, etc. Pearson,
Date of publication, distribution, etc. [2019]
264 #4 - PRODUCTION, PUBLICATION, DISTRIBUTION, MANUFACTURE, AND COPYRIGHT NOTICE
Date of production, publication, distribution, manufacture, or copyright notice ©2017
300 ## - PHYSICAL DESCRIPTION
Extent xxviii, 628 pages ; ill.
Dimensions 28 cm
336 ## - CONTENT TYPE
Content type term text
Content type code txt
Source rdacontent
337 ## - MEDIA TYPE
Media type term unmediated
Media type code n
Source rdamedia
338 ## - CARRIER TYPE
Carrier type term volume
Carrier type code nc
Source rdacarrier
500 ## - GENERAL NOTE
General note Revised edition of the author's Society, [2017]
505 0# - FORMATTED CONTENTS NOTE
Formatted contents note About the author -- Sociology : perspective, theory, and method -- Culture -- Socialization : from infancy to old age -- Social interaction in everyday life -- Mass media and social media -- Groups and organizations -- Sexuality and society -- Deviance -- Social stratification -- Global stratification -- Gender stratification -- Race and ethnicity -- Economics and politics -- Family and religion -- Education, health, and medicine -- Population, urbanization, and environment -- Social change: modern and postmodern societies -- Glossary -- References -- Credits -- Author index -- Subject index.
650 #0 - SUBJECT ADDED ENTRY--TOPICAL TERM
Topical term or geographic name entry element Sociology.
653 ## - INDEX TERM--UNCONTROLLED
Uncontrolled term სოციოლოგია
906 ## - LOCAL DATA ELEMENT F, LDF (RLIN)
a 7
b cbc
c orignew
d 1
e ecip
f 20
g y-gencatlg
942 ## - ADDED ENTRY ELEMENTS (KOHA)
Source of classification or shelving scheme
Koha item type Books
Edition 15
Holdings
Withdrawn status Lost status Source of classification or shelving scheme Damaged status Not for loan Permanent location Current location Date acquired Inventory number Total Checkouts Full call number Barcode Date last seen Price effective from Koha item type
          Ken Walker International University Ken Walker International University 11/25/2020 1142   316 M-12 1142 11/25/2020 11/25/2020 Books

Powered by Koha